000 00574nam a22001697a 4500
999 _c170211
_d170211
005 20191212113210.0
010 _aENG-127092
020 _c300.00
_a8187501014
035 _aEN-110624
037 _bDBAD/PUB
082 _a374.954
245 _aAdult and lifelong learning :
_ced.by V.Mohankumar
_bselected articles /
260 _aNew Delhi
_bIndian adult education association
_c2014
270 _aIndian adult education association
_bNew Delhi
_e110002
_k011-23379306
_miaeadelhi@gmail.com
300 _a244p.
_c21cm(Hb)
942 _2ddc
_cEN
_h374.954
_mADU